Bd. 20, № 5-6; Annalen der Physik. 7 Folge

Bibliographic Details
Parent link:Annalen der Physik. 7 Folge: magazin/ Deutschen Physikalischen gesellschaft. Bd. 20, № 5-6.— , 1958-1990
Language:German
Published: 1967
Format: Book
KOHA link:https://koha.lib.tpu.ru/cgi-bin/koha/opac-detail.pl?biblionumber=541682

MARC

LEADER 00000nam2a2200000 4500
001 541682
005 20231101114845.0
035 |a (RuTPU)RU\TPU\prd\231987 
035 |a RU\TPU\prd\231986 
090 |a 541682 
100 |a 20150225a19581990k y0gery50 ba 
101 0 |a ger 
102 |a DE 
200 0 |a Bd. 20, № 5-6 
210 |d 1967 
461 1 |0 (RuTPU)RU\TPU\prd\1129  |t Annalen der Physik. 7 Folge  |o magazin  |f Deutschen Physikalischen gesellschaft  |v Bd. 20, № 5-6  |d 1958-1990 
801 0 |a RU  |b 63413507  |c 20010227  |g PSBO 
801 1 |a RU  |b 63413507  |c 20080423  |g PSBO 
801 2 |a RU  |b 63413507  |c 20150310  |g PSBO 
942 |c BK 
999 |a НТБ_ТПУ  |b НФ  |e -14/20140209  |p П-87  |u 0  |v 1